00305nam a2200121Ia 4500008004100000082001600041100001800057245002800075250000800103260004400111300001000155650001800165150201s2014 xx 000 0 und d a617.7bR24K aKHURANA, A.K. aREWIEW OF OPHTHALMOLOGY a5TH bNEW AGE INTERNATIONAL PUB.aINDIAc2014 a1-388 aOPHTHALMOLOGY